Macroeconomic Indicators and Their Impact on Public Expenditure of Slovakia
Vymedzenie verejných výdavkov.Vplyv makroekonomických ukazovateľov na verejné výdavky a ich zložky.
Gespeichert in:
| 1. Verfasser: | |
|---|---|
| Weitere Verfasser: | , |
| Format: | Buchkapitel |
| Sprache: | Englisch |
| Schlagworte: | |
| Tags: |
Keine Tags, Fügen Sie das erste Tag hinzu!
|
MARC
| LEADER | 00000naa a2200000 4500 | ||
|---|---|---|---|
| 001 | 0234377 | ||
| 005 | 20240502073812.8 | ||
| 041 | 0 | |a eng | |
| 044 | |a SK | ||
| 245 | 1 | 0 | |a Macroeconomic Indicators and Their Impact on Public Expenditure of Slovakia |c Andrea Tkáčová, Barbora Gontkovičová, Lucia Mihóková |
| 520 | |a Vymedzenie verejných výdavkov.Vplyv makroekonomických ukazovateľov na verejné výdavky a ich zložky. | ||
| 610 | 2 | 0 | |a Slovensko |
| 610 | 2 | 0 | |a ukazovatele makroekonomické |
| 610 | 2 | 0 | |a výdavky verejné |
| 610 | 2 | 0 | |a bilancia platobná |
| 610 | 2 | 0 | |a nezamestnanosť |
| 100 | 1 | |a Tkáčová, Andrea | |
| 700 | 1 | |a Gontkovičová, Barbora, 1986- | |
| 700 | 1 | |a Mihóková, Lucia | |